Rectification of Gas Pipeline Bridging with the Support of Experimental Stress Analysis and Means of Regression and Correlation Analysis
Gespeichert in:
| 1. Verfasser: | |
|---|---|
| Weitere Verfasser: | , , , |
| Format: | Buchkapitel |
| Sprache: | Englisch |
| Schlagworte: | |
| Tags: |
Keine Tags, Fügen Sie das erste Tag hinzu!
|
MARC
| LEADER | 00000naa a2200000 4500 | ||
|---|---|---|---|
| 001 | 0290173 | ||
| 005 | 20240502083937.2 | ||
| 041 | 0 | |a eng | |
| 044 | |a CH | ||
| 245 | 1 | 0 | |a Rectification of Gas Pipeline Bridging with the Support of Experimental Stress Analysis and Means of Regression and Correlation Analysis |c Peter Frankovský, Peter Sivák, Ingrid Delyová, Darina Hroncová, Pavol Štuller |
| 610 | 2 | 0 | |a potrubie |
| 610 | 2 | 0 | |a opravy |
| 610 | 2 | 0 | |a plynovody |
| 610 | 2 | 0 | |a analýza korelačná |
| 610 | 2 | 0 | |a testovanie hypotéz |
| 610 | 2 | 0 | |a modely regresné |
| 610 | 2 | 0 | |a experimenty |
| 100 | 1 | |a Frankovský, Peter | |
| 700 | 1 | |a Sivák, Peter | |
| 700 | 1 | |a Delyová, Ingrid | |
| 700 | 1 | |a Hroncová, Darina | |
| 700 | 1 | |a Štuller, Pavol, 1975- | |